Služby a služebníci Pohled kulturně-historický
Saved in:
| Main Author | |
|---|---|
| Format | Electronic eBook |
| Language | Czech |
| Published |
Karolinum
2025
|
| Edition | 1. elektronické vydání |
| Subjects | |
| Online Access | Dostupné v BOOKPORT po přihlášení pomocí eduID |
| ISBN | 978-80-246-6184-1 978-80-246-6183-4 |
| Physical Description | 1 online zdroj (218 stran) |
| LEADER | 00000nam a2200000 i 4500 | ||
|---|---|---|---|
| 001 | bkp424739601 | ||
| 003 | CZ-prgp | ||
| 005 | 20260216160938.0 | ||
| 006 | m o d | ||
| 007 | cr cn | ||
| 008 | 260216s2025 xr o 000 0 cze | ||
| 020 | |a 978-80-246-6184-1 |c 220 Kč |q (online ; pdf) | ||
| 020 | |a 978-80-246-6183-4 |c 320 Kč |q (print) | ||
| 040 | |a Grada |b cze |e rda | ||
| 100 | 1 | |a Keller, Jan | |
| 245 | 1 | 0 | |a Služby a služebníci |b Pohled kulturně-historický |c Jan Keller |
| 250 | |a 1. elektronické vydání | ||
| 264 | 1 | |b Karolinum |c 2025 | |
| 300 | |a 1 online zdroj (218 stran) | ||
| 336 | |a text |b txt |2 rdacontent | ||
| 337 | |a počítač |b c |2 rdamedia | ||
| 338 | |a online zdroj |b cr |2 rdacarrier | ||
| 520 | 3 | |a Žijeme ve společnosti služeb a slovo služba patří k těm, která používáme téměř denně. Přitom je to slovo mnoha významů, z nichž některé si přímo odporují, jak autor ukazuje v první části knihy věnované genezi služeb v evropských dějinách - od biblického pojetí služby až po její ztělesnění v institucích, jakými jsou stát či trh. Druhá část knihy pak pojednává o struktuře současné společnosti služeb. Prostřednictvím popisu světa sluhů a služek od počátku modernity autor objasňuje, proč v posledních dekádách dochází k tomu, co sociologové označují jako návrat služebníků. S využitím bohatých důkazů ukazuje, že budoucnost služeb bude záviset především na vývoji příjmových a majetkových nerovností. Jen s tím rozdílem, že zatímco v 19. století zajišťoval obsluhu prosperujících domácností proud mladých dívek z venkova, dnes tuto roli přebírají migrantky z chudších zemí. | |
| 650 | 0 | 4 | |a Sociologie |
| 856 | 4 | 0 | |u https://www.bookport.cz/AccountSaml/SignIn/?idp=https://shibboleth.utb.cz/idp/shibboleth&returnUrl=/kniha/sluzby-a-sluzebnici-15749/ |y Dostupné v BOOKPORT po přihlášení pomocí eduID |